000 00293nam a22001337a 4500
008 170601b xxu||||| |||| 00| 0 eng d
020 _a9780553805390
041 _aeng
080 _a94
100 _a17
101 _aSHH
245 _aDEADLY SCENARIOS
_cKREPINEVICH.A.F
942 _2udc
_cBK
999 _c15297
_d15297